Music Quiz

Random Music or Album Quiz
Score 0/50 Timer 06:00
0 Plays Today
Album (Year) Artist % Correct
Abbey Road (1969)The Beatles
98.8%
Hotel California (1976)Eagles
89.7%
American Idiot (2004)Green Day
87.9%
Purple Rain (1984)Prince and the Revolution
86.3%
Surfin' USA (1963)The Beach Boys
84.9%
Piano Man (1973)Billy Joel
81.4%
The Wall (1979)Pink Floyd
81.3%
My Generation (1965)The Who
77.1%
London Calling (1979)The Clash
74.8%
Achtung Baby (1991)U2
73.8%
In Utero (1993)Nirvana
67.2%
Blue Hawaii (1961)Elvis Presley
60.1%
Sticky Fingers (1971)The Rolling Stones
58.4%
Chinese Democracy (2008)Guns N' Roses
51.6%
Private Dancer (1984)Tina Turner
51.6%
Electric Ladyland (1968)The Jimi Hendrix Experience
49.4%
Physical Graffiti (1975)Led Zeppelin
47.1%
Stadium Arcadium (2006)Red Hot Chili Peppers
47%
Kid A (2000)Radiohead
45.9%
Mylo Xyloto (2011)Coldplay
42.1%
Icky Thump (2007)The White Stripes
41.7%
Definitely Maybe (1994)Oasis
39.2%
Super Trouper (1980)ABBA
37.9%
Aladdin Sane (1973)David Bowie
37.1%
Hangin' Tough (1988)New Kids on the Block
36.9%
Album (Year) Artist % Correct
True Blue (1986)Madonna
35.6%
The Fame (2008)Lady Gaga
34.7%
New Jersey (1988)Bon Jovi
34.2%
Zenyattà Mondatta (1980)The Police
33%
Hybrid Theory (2000)Linkin Park
32.7%
Disraeli Gears (1967)Cream
30.4%
Sam's Town (2006)The Killers
29.2%
Honky Château (1972)Elton John
28.3%
Tubular Bells (1973)Mike Oldfield
26.1%
Moving Pictures (1981)Rush
25.5%
Parallel Lines (1978)Blondie
25.4%
Permanent Vacation (1987)Aerosmith
25.3%
The E.N.D. (2009)Black Eyed Peas
24.4%
Machine Head (1972)Deep Purple
23.5%
Human Touch (1992)Bruce Springsteen
21.7%
Black Ice (2008)AC/DC
20.6%
The Resistance (2009)Muse
17.8%
The Game (1980)Queen
17.4%
Music Box (1993)Mariah Carey
16.9%
Crazy Nights (1987)KISS
16.4%
Femme Fatale (2011)Britney Spears
16.1%
Making Movies (1980)Dire Straits
16%
Wasting Light (2011)Foo Fighters
13.6%
Speak Now (2010)Taylor Swift
12.5%
Street Legal (1978)Bob Dylan
7.9%
Remove Ads.
Support Sporcle.
Get the best of Sporcle when you Go Orange. This ad-free experience offers more features, more stats, and more fun while also helping to support Sporcle. Thank you for becoming a member.

You're not logged in!

Compare scores with friends on all Sporcle quizzes.
OR
Log In

Show Comments

Extras

Top Quizzes Today


Score Distribution

Your Account Isn't Verified!

In order to create a playlist on Sporcle, you need to verify the email address you used during registration. Go to your Sporcle Settings to finish the process.

Report this User

Report this user for behavior that violates our Community Guidelines.

Details: